Thinking about capitalism / (Record no. 112997)

MARC details
000 -LEADER
campo de control de longitud fija 03276cam a2200433 a 4500
001 - NÚMERO DE CONTROL
campo de control 17247672
003 - IDENTIFICADOR DE NÚMERO DE CONTROL
campo de control BJBSDDR
005 - FECHA Y HORA DE LA ÚLTIMA TRANSACCIÓN
campo de control 20230411090133.0
008 - DATOS DE LONGITUD FIJA--INFORMACIÓN GENERAL
campo de control de longitud fija 120409s2008 vau b 000 0 eng
010 ## - NÚMERO DE CONTROL DE LA BIBLIOTECA DEL CONGRESO
Número de control de LC 2011377509
020 ## - NÚMERO INTERNACIONAL ESTÁNDAR DEL LIBRO
Número Internacional Estándar del Libro 1598035126
020 ## - NÚMERO INTERNACIONAL ESTÁNDAR DEL LIBRO
Número Internacional Estándar del Libro 9781598035124
040 ## - FUENTE DE CATALOGACIÓN
Centro catalogador/agencia de origen DLC
Centro/agencia transcriptor DLC
042 ## - CÓDIGO DE AUTENTICACIÓN
Código de autenticación pcc
050 00 - SIGNATURA TOPOGRÁFICA DE LA BIBLIOTECA DEL CONGRESO
Número de clasificación LB 14.6
Número de ítem M958t 2008
082 ## - NÚMERO DE LA CLASIFICACIÓN DECIMAL DEWEY
Número de edición 370
100 1# - ENTRADA PRINCIPAL--NOMBRE DE PERSONA
9 (RLIN) 6463
Nombre de persona Muller, Jerry Z.,
Fechas asociadas al nombre 1954-
130 ## - ENTRADA PRINCIPAL--TÍTULO UNIFORME
9 (RLIN) 6091
Título uniforme The Great Courses
245 10 - MENCIÓN DEL TÍTULO
Título Thinking about capitalism /
Mención de responsabilidad, etc. Jerry Z. Muller.
260 ## - PUBLICACIÓN, DISTRIBUCIÓN, ETC.
Lugar de publicación, distribución, etc. Chantilly, Va. :
Nombre del editor, distribuidor, etc. Teaching Co.,
Fecha de publicación, distribución, etc. 2008.
300 ## - DESCRIPCIÓN FÍSICA
Extensión 3 volumes ;
Dimensiones 21 cm.
440 ## - MENCIÓN DE SERIE/PUNTO DE ACCESO ADICIONAL--TÍTULO
9 (RLIN) 6419
Título Great courses
490 0# - MENCIÓN DE SERIE
Mención de serie The great courses
500 ## - NOTA GENERAL
Nota general Course no. 5665.<br/>
500 ## - NOTA GENERAL
Nota general "Lecture transcript and course guidebook"--Cover.
505 ## - NOTA DE CONTENIDO CON FORMATO
Nota de contenido con formato lecture 1. Why think about capitalism --<br/>lecture 2. The Greek and Christian traditions --<br/>lecture 3. Hobbes's challenge to the traditions --<br/>lecture 4. Dutch commerce and national power --<br/>lecture 5. Capitalism and toleration --<br/>Voltaire --<br/>lecture 6. Abundance or equality --<br/>Voltaire vs. Rousseau --<br/>lecture 7. Seeing the invisible hand --<br/>Adam Smith --<br/>lecture 8. Smith on merchants, politicians, workers --<br/>lecture 9. Smith on the problems of commercial society --<br/>lecture 10. Smith on moral and immoral capitalism --<br/>lecture 11. Conservatism and advanced capitalism --<br/>Burke --<br/>lecture 12. Conservatism and periphery capitalism --<br/>Möser. lecture 12. Hegel on capitalism and individuality --<br/>lecture 14. Hamilton, List, and the case for protection --<br/>lecture 15. De Tocqueville on capitalism in America --<br/>lecture 16. Marx and Engels --<br/>The Communist Manifesto --<br/>lecture 17. Marx's Capital and the degradation of work --<br/>lecture 18. Matthew Arnold on capitalism and culture --<br/>lecture 19. Individual and community --<br/>Tönnies vs. Simmel --<br/>lecture 20. The German debate over rationalization --<br/>lecture 21. Cultural sources of capitalism --<br/>Max Weber --<br/>lecture 22. Schumpeter on innovation and resentment --<br/>lecture 23. Lenin's critique --<br/>Imperialism and war --<br/>lecture 24. Fascists on capitalism --<br/>Freyer and Schmitt. lecture 25. Mises and Hayek on irrational socialism --<br/>lecture 26. Schumpeter on capitalism's self-destruction --<br/>lecture 27. The rise of welfare-state capitalism --<br/>lecture 29. Pluralism as limit to social justice --<br/>Hayek --<br/>lecture 30. Contradictions of postindustrial society --<br/>lecture 31. The family under capitalism --<br/>lecture 32. Tensions with democracy --<br/>Buchanan and Olson --<br/>lecture 33. End of communism, new era of globalization --<br/>lecture 34. Capitalism and nationalism --<br/>Ernest Gellner --<br/>lecture 35. The varieties of capitalism --<br/>lecture 36. Intrinsic tensions in capitalism --<br/>Timeline --<br/>Glossary --<br/>Biographical notes --<br/>Bibliography.
650 #4 - PUNTO DE ACCESO ADICIONAL DE MATERIA--TÉRMINO DE MATERIA
Término de materia o nombre geográfico como elemento de entrada Educación
9 (RLIN) 1877
650 #4 - PUNTO DE ACCESO ADICIONAL DE MATERIA--TÉRMINO DE MATERIA
Término de materia o nombre geográfico como elemento de entrada Enseñanza
9 (RLIN) 6089
650 #0 - PUNTO DE ACCESO ADICIONAL DE MATERIA--TÉRMINO DE MATERIA
Término de materia o nombre geográfico como elemento de entrada Capitalismo
Subdivisión general Historia
9 (RLIN) 4122
650 #4 - PUNTO DE ACCESO ADICIONAL DE MATERIA--TÉRMINO DE MATERIA
Término de materia o nombre geográfico como elemento de entrada Economía
9 (RLIN) 2380
Subdivisión general Historia
650 #4 - PUNTO DE ACCESO ADICIONAL DE MATERIA--TÉRMINO DE MATERIA
Término de materia o nombre geográfico como elemento de entrada Capitalismo
9 (RLIN) 6467
Subdivisión general Aspectos morales y éticos
650 #0 - PUNTO DE ACCESO ADICIONAL DE MATERIA--TÉRMINO DE MATERIA
Término de materia o nombre geográfico como elemento de entrada Capitalismo
9 (RLIN) 1787
650 #4 - PUNTO DE ACCESO ADICIONAL DE MATERIA--TÉRMINO DE MATERIA
Término de materia o nombre geográfico como elemento de entrada Economía
9 (RLIN) 761
710 2# - ENTRADA AGREGADA--NOMBRE DE ENTIDAD CORPORATIVA
9 (RLIN) 6101
Nombre de entidad corporativa o nombre de jurisdicción como elemento de entrada Teaching Company
830 ## - PUNTO DE ACCESO ADICIONAL DE SERIE-TÍTULO UNIFORME
9 (RLIN) 6091
Título uniforme The Great Courses
906 ## - ELEMENTOS DE DATOS F LOCAL, LDF (RLIN)
a 7
b cbc
c orignew
d 2
e ncip
f 20
g y-gencatlg
942 ## - ELEMENTOS DE ENTRADA SECUNDARIOS (KOHA)
Fuente del sistema de clasificación o colocación Clasificación de Library of Congress
Tipo de ítem Koha Libro
Holdings
Estatus retirado Estado de pérdida Fuente del sistema de clasificación o colocación Estado de daño No para préstamo Colección Biblioteca de origen Biblioteca actual Ubicación en estantería Fecha de adquisición Serial enumeration / chronology Signatura topográfica completa Código de barras Visto por última vez Copia número Tipo de ítem Koha
    Clasificación de Library of Congress     Humanidades Biblioteca Juan Bosch Biblioteca Juan Bosch Humanidades (4to. Piso) 26/07/2019 v.1 LB 14.6 M958t 2008 00000136987 26/07/2019 1 Libro
    Clasificación de Library of Congress     Humanidades Biblioteca Juan Bosch Biblioteca Juan Bosch Humanidades (4to. Piso) 26/07/2019 v.2 LB 14.6 M958t 2008 00000136988 26/07/2019 1 Libro
    Clasificación de Library of Congress     Humanidades Biblioteca Juan Bosch Biblioteca Juan Bosch Humanidades (4to. Piso) 26/07/2019 v.3 LB 14.6 M958t 2008 00000136989 26/07/2019 1 Libro